| 000 | 00453cam a2200193ua 4500 | ||
|---|---|---|---|
| 020 | _c300.00 | ||
| 041 |
_aeng _h |
||
| 082 |
_a631.587 _bGUR/IR |
||
| 100 | _aGurjar, R K . | ||
| 245 |
_aIrrigational environment / _cR K Gurjar. _hTextual Documents |
||
| 250 |
_a1 / _b. |
||
| 260 |
_aJaipur : _bPrintwell , _c1994. |
||
| 300 | _a229 ; . | ||
| 365 | _a300.00 | ||
| 504 | _a | ||
| 942 | _cBK | ||
| 999 |
_c7324 _d7324 |
||